[Event "Bad Woerishofen op"]
[Site "Bad Woerishofen"]
[Date "2001.??.??"]
[Round "3"]
[White "Taufratshofer, Martin"]
[Black "Lang, Ludwig"]
[Result "1-0"]
[WhiteElo "2093"]
[BlackElo "1192"]
[Annotator "ChessOrg"]
[PlyCount "63"]
[EventDate "1998.03.05"]
[Source "ChessBase"]
[SourceDate "1998.04.29"]

1. Nf3 {A09: Reti-Eroeffnung} 1... d5 2. c4 Nf6 3. e3 3... Nc6 {letzter Buchzug
} 4. b3 (4. cxd5 Nxd5 5. d4 5... Bg4 $14) 4... e5 5. d3 (5. cxd5 Qxd5 6. Bc4
6... Qa5 $11) 5... Be7 6. Be2 O-O 7. O-O e4 8. dxe4 dxe4 9. Nd4 Nxd4 (9... Ne5
10. Nc3 $11) 10. exd4 b6 11. Be3 Bb7 12. Qc2 h6 13. Nc3 Bb4 14. a3 Bxc3 15.
Qxc3 a5 16. Rfd1 Nh7 (16... Qd6 17. Qd2 $14) 17. d5 Qd6 (17... f5 $5 $16) 18.
c5 $18 18... Qg6 19. cxb6 cxb6 20. Qc7 Bc8 (20... Rab8 21. d6 $16) 21. Qxb6
21... Bh3 $4 (21... Nf6 $18 $142) 22. Qxg6 fxg6 23. gxh3 Nf6 24. Bc4 Kh7 25.
Bb6 Rfe8 (25... Rfb8 26. Bc7 Rb7 27. d6 $18) 26. d6 Re5 (26... Reb8 27. Bc7 Rb7
28. Rac1 $18) 27. d7 Rg5+ 28. Kf1 Nxd7 29. Rxd7 Rh5 (29... Rf5 $18) 30. Bd4 Rg8
31. Bxg8+ Kxg8 32. Rc1 (32. Rc1 Re5 33. Bxe5 h5 34. Rxg7+ Kf8 35. Rc8#) 1-0

[Event "Bad Woerishofen op"]
[Site "Bad Woerishofen"]
[Date "2001.??.??"]
[Round "5"]
[White "Taufratshofer, Martin"]
[Black "Klein, Thomas"]
[Result "1-0"]
[WhiteElo "2093"]
[BlackElo "1496"]
[Annotator "ChessOrg"]
[PlyCount "67"]
[EventDate "1998.03.05"]
[Source "ChessBase"]
[SourceDate "1998.04.29"]

1. Nf3 {A14: Reti-Eroeffnung} 1... Nf6 2. c4 e6 3. g3 b6 4. Bg2 Bb7 5. O-O Be7
6. b3 O-O 7. Bb2 d5 8. Qc2 c5 9. d4 {letzter Buchzug} 9... Nc6 10. dxc5 bxc5
11. e3 Qc7 12. cxd5 exd5 13. Nc3 Rac8 14. Rac1 Rfd8 15. Qb1 Qb8 16. Bh3 Rc7 17.
Nb5 Bc8 18. Bxc8 (18. Nxc7 $5 $142 18... Bxh3 19. Ng5 Bxf1 20. Bxf6 Bxf6 21.
Qxh7+ Kf8 22. Nge6+ fxe6 23. Nxe6+ Kf7 24. Nxd8+ Qxd8 25. Rxf1 $14) 18... Rcxc8
$15 19. Nc3 Rd6 (19... Qb4 $5 $11 $142) 20. Na4 $16 20... d4 21. exd4 (21. Nxc5
dxe3 22. fxe3 22... Rd5 $14) 21... Nxd4 (21... cxd4 22. Rc4 d3 23. Ne5 $14) 22.
Nxd4 $14 22... cxd4 23. Qf5 (23. Rfd1 23... Rcd8 $14) 23... Rcd8 $11 24. Qd3
24... Ng4 $2 (24... Nd5 $5 $142 25. Qxd4 25... Bf6 $14) 25. Qe4 $16 25... Nxh2
26. Kxh2 (26. Qxe7 Nf3+ (26... Nxf1 $6 27. Rc7 (27. Kxf1 Re8 28. Qh4 28... Qb7
$19) 27... Rf6 28. Rb7 $11) 27. Kg2 27... Qa8 $19) 26... Rh6+ 27. Kg2 Re6 28.
Qd3 Qb7+ 29. f3 Re3 30. Qc4 d3 31. Rf2 d2 (31... Qb4 $5 32. Nc3 $18) 32. Rd1
Rdd3 33. Qg4 f6 34. Rdxd2 (34. Rdxd2 Rxf3 35. Rxd3 Rxd3+ 36. Kh2 $18) (34. Bd4
$5 $142 34... Re1 35. Rdxd2 Rxd2 36. Rxd2 36... Qa6 $18) 1-0

[Event "Bad Woerishofen op"]
[Site "Bad Woerishofen"]
[Date "2001.??.??"]
[Round "7"]
[White "Taufratshofer, Martin"]
[Black "Willin, Bernhard"]
[Result "1-0"]
[WhiteElo "2093"]
[BlackElo "1700"]
[Annotator "ChessOrg"]
[PlyCount "47"]
[EventDate "1998.03.05"]
[Source "ChessBase"]
[SourceDate "1998.04.29"]

1. Nf3 {A15: Englisch gegen Koenigs-Fianchetto} 1... Nf6 2. c4 d6 3. Nc3 e5 4.
d3 c6 5. g3 g6 6. Bg2 Bg7 7. O-O Nbd7 8. Rb1 {letzter Buchzug} 8... O-O 9. b4
Re8 10. Qc2 d5 11. cxd5 cxd5 12. Nb5 Re7 (12... Re6 13. Rb3 $11) 13. a4 Nf8 14.
Qb3 e4 15. dxe4 dxe4 16. Rd1 Rd7 17. Rxd7 Bxd7 (17... N8xd7 $143 18. Ng5 Qe7
19. Bf4 $16) (17... N6xd7 $143 18. Ng5 Ne5 19. Bf4 $16) 18. Ng5 Qe7 19. Be3 b6
(19... Bxb5 20. axb5 h6 21. Nh3 $15) 20. Nc3 Bf5 21. Rd1 h6 22. Nh3 g5 23. Nd5
Nxd5 24. Qxd5 (24. Qxd5 Qd7 25. Qxd7 (25. Bxe4 $143 25... Bxe4 26. Qxd7 26...
Nxd7 $17) 25... Bxd7 26. a5 $11) (24. Rxd5 $2 24... Be6 $19) 1-0

[Event "Bad Woerishofen op"]
[Site "Bad Woerishofen"]
[Date "2001.??.??"]
[Round "9"]
[White "Taufratshofer, Martin"]
[Black "Buchner, Rudolf"]
[Result "0-1"]
[WhiteElo "2093"]
[BlackElo "2200"]
[Annotator "ChessOrg"]
[PlyCount "100"]
[EventDate "1998.03.05"]
[Source "ChessBase"]
[SourceDate "1998.04.29"]

1. Nf3 {D85: Gruenfeld-Verteidigung (Hauptfortsetzung)} 1... Nf6 2. c4 g6 3.
Nc3 d5 4. cxd5 Nxd5 5. e4 Nxc3 6. bxc3 Bg7 7. d4 c5 8. Be2 cxd4 9. cxd4 9...
Bg4 {letzter Buchzug} 10. Be3 Qa5+ (10... Bxf3 11. gxf3 Qa5+ 12. Bd2 $11) 11.
Bd2 Qd8 12. Be3 (12. Rb1 Bxf3 13. Bxf3 13... Qd7 $14) 12... Nc6 13. d5 Ne5 (
13... Bxf3 14. gxf3 Ne5 15. Rb1 $14) 14. Nxe5 $14 14... Bxe2 15. Qxe2 Bxe5 16.
Qb5+ Qd7 17. Qxd7+ Kxd7 18. Rc1 Rhc8 19. Kd2 b6 20. h3 Bd6 21. Rxc8 Rxc8 22.
Rc1 Rxc1 23. Kxc1 f5 24. f3 fxe4 25. fxe4 e6 26. dxe6+ Kxe6 27. Kc2 h5 28. Kd3
Ke5 29. Bd2 Bc5 30. Bc3+ Kf4 31. Be1 b5 32. Bh4 Ke5 33. Bg3+ Ke6 34. Bb8 a5 35.
Bf4 Bd6 36. Bg5 a4 37. Bd2 b4 38. Kc4 $2 (38. Bc1 $15 $142) 38... b3 $1 $19 39.
axb3 a3 40. b4 a2 41. Bc3 Be5 42. Ba1 Bxa1 43. Kb3 Bc3 44. Kxa2 Bxb4 45. Kb3
Ba5 46. Kc4 Ke5 47. Kd3 Bb6 48. Ke2 Kxe4 49. g3 g5 50. h4 (50. g4 h4 51. Kd2
$19) 50... g4 (50... g4 51. Kd2 51... Kf3 $19) 0-1

[Event "Bad Woerishofen op"]
[Site "Bad Woerishofen"]
[Date "2001.??.??"]
[Round "2"]
[White "Teich, Udo"]
[Black "Schuette, Manfred"]
[Result "0-1"]
[WhiteElo "2119"]
[BlackElo "2283"]
[Annotator "ChessOrg"]
[PlyCount "90"]
[EventDate "1998.03.05"]
[Source "ChessBase"]
[SourceDate "1998.04.29"]

1. d4 {E69: Koenigsindisch (Hauptvariante des g3-Systems mit e2-e4 und h2-h3)}
1... Nf6 2. Nf3 g6 3. g3 Bg7 4. Bg2 O-O 5. O-O d6 6. c4 Nbd7 7. Nc3 e5 8. h3
Re8 9. e4 exd4 10. Nxd4 Nc5 11. Re1 a5 12. b3 c6 13. Bf4 Nh5 14. Be3 Bd7 15.
Rc1 {letzter Buchzug} 15... Nf6 16. Bf4 Qc7 17. Qd2 Rad8 18. Rcd1 Bc8 19. g4
Qb6 (19... h5 $5 20. g5 20... Nfd7 $11) 20. Nc2 Bf8 21. Bg5 Bg7 22. Qf4 (22.
Bh6 $14 $142) 22... Ne6 $17 23. Qe3 Qxe3 24. Bxe3 (24. Rxe3 $4 24... Nxg5 25.
Nd4 25... Nd7 $19) 24... Nxg4 $1 25. hxg4 Bxc3 26. Re2 a4 (26... d5 27. cxd5
cxd5 28. exd5 $19) 27. Rd3 (27. Bb6 Nf4 28. Re3 Bxg4 29. Bf3 Bxf3 30. Rxf3 axb3
31. axb3 $15) 27... Be5 $19 28. f3 Nf4 29. Bxf4 Bxf4 30. Re1 f5 (30... Be6 31.
Nd4 $17) 31. gxf5 gxf5 32. Kf2 (32. bxa4 $5 32... fxe4 33. fxe4 $15) 32... fxe4
$17 33. fxe4 Rf8 34. Bf3 Rd7 35. Rg1+ Kh8 36. Ke2 Rdf7 37. Bh5 Rf6 (37... Re7
38. Bf3 $19) 38. Ne3 Rh6 39. Bf3 Be6 40. Rg2 axb3 41. axb3 Ra8 42. Rd2 (42. Bg4
Bxe3 43. Kxe3 Bxg4 44. Rxg4 Rh3+ 45. Kd2 Rxd3+ 46. Kxd3 46... Rg8 $17) 42...
Ra3 43. Bg4 (43. Rd3 Rh3 44. Rf2 44... Kg7 $19) 43... Rxb3 44. Bxe6 $4 (44. Rd3
Bxg4+ 45. Nxg4 Rxd3 46. Kxd3 $19) 44... Rxe3+ 45. Kf2 Rxe6 (45... Rxe6 46. Rb2
46... Re7 $19) 0-1

[Event "Bad Woerishofen op"]
[Site "Bad Woerishofen"]
[Date "2001.??.??"]
[Round "4"]
[White "Teich, Udo"]
[Black "Kaufmann, Guenther"]
[Result "1-0"]
[WhiteElo "2119"]
[BlackElo "1643"]
[Annotator "ChessOrg"]
[PlyCount "43"]
[EventDate "1998.03.05"]
[Source "ChessBase"]
[SourceDate "1998.04.29"]

1. d4 {D78: Gruenfeld-Verteidigung (3.g3)} 1... Nf6 2. Nf3 g6 3. g3 Bg7 4. Bg2
d5 5. O-O O-O 6. c4 c6 7. Nbd2 Nbd7 8. Qc2 8... dxc4 {letzter Buchzug} 9. Nxc4
Nb6 10. Ncd2 Nfd7 11. Rd1 Qe8 12. b3 c5 13. Bb2 cxd4 14. Nxd4 14... e5 $2 (
14... Nf6 $5 $14 $142) 15. Nb5 $18 15... Qd8 16. a4 a6 17. Nc7 Rb8 18. a5 (18.
Ba3 $5 18... e4 19. Nxe4 Bxa1 20. Rxa1 20... f5 $18) 18... Na8 $16 19. Nxa8
Rxa8 20. Nc4 Qc7 (20... Qg5 21. Nd6 $16) 21. Ba3 21... Rd8 $4 (21... Re8 $18
$142) 22. Bd6 (22. Bd6 Qxc4 23. Qxc4 $18) 1-0

[Event "Bad Woerishofen op"]
[Site "Bad Woerishofen"]
[Date "2001.??.??"]
[Round "5"]
[White "Teich, Udo"]
[Black "Buchner, Rudolf"]
[Result "1/2-1/2"]
[WhiteElo "2119"]
[BlackElo "2200"]
[Annotator "ChessOrg"]
[PlyCount "69"]
[EventDate "1998.03.05"]
[Source "ChessBase"]
[SourceDate "1998.04.29"]

1. d4 {D79: Gruenfeld-Verteidigung (3.g3)} 1... Nf6 2. Nf3 g6 3. g3 Bg7 4. Bg2
O-O 5. O-O d5 6. c4 c6 7. cxd5 cxd5 8. Nc3 Nc6 9. Bf4 Bf5 10. Ne5 10... Rc8 {
letzter Buchzug} 11. Rc1 h6 12. h3 Kh7 13. Kh2 Be6 14. Nxc6 Rxc6 15. Be5 Qa5
16. Qa4 Qxa4 17. Nxa4 Rfc8 18. Rxc6 Rxc6 19. Nc3 b5 (19... Rb6 20. b3 $11) 20.
Bxf6 Bxf6 21. e4 (21. e3 21... a5 $14) 21... Rc4 (21... Bxd4 $2 22. exd5 Bxd5
23. Bxd5 $18) 22. e5 Bg7 23. Rd1 (23. Nxb5 $143 23... a6 24. Nc3 24... Rxd4 $17
) 23... b4 24. Nxd5 Bxd5 25. Bxd5 Rc2 26. Kg2 e6 27. Bb3 Rxb2 28. Kf3 a5 29.
Ke3 a4 30. Bxa4 Rxa2 31. Bb3 Rb2 32. Rd3 g5 33. g4 Bf8 34. Bd1 Be7 35. Rd2
1/2-1/2

[Event "Bad Woerishofen op"]
[Site "?"]
[Date "2001.??.??"]
[Round "7"]
[White "Teich, Udo"]
[Black "Marotzke, Stefan"]
[Result "1-0"]
[WhiteElo "2119"]
[BlackElo "1761"]
[Annotator "ChessOrg"]
[PlyCount "69"]
[Source "ChessBase"]
[SourceDate "1998.04.29"]

1. c4 {E06: Katalanisch} 1... Nf6 2. Nc3 e6 3. Nf3 Be7 4. g3 d5 5. d4 c6 6. Bg2
O-O 7. O-O 7... Qc7 {letzter Buchzug} 8. Bf4 Bd6 9. Bg5 Nbd7 10. c5 Be7 11. Bf4
Qd8 12. b4 b5 (12... Nh5 $5 $11) 13. a4 $16 13... Ne4 14. Nxe4 dxe4 15. Ne5
Nxe5 16. dxe5 Qc7 17. Qc2 Bd7 (17... bxa4 18. Qxe4 Bb7 19. Rxa4 $16) 18. Bxe4
$18 18... h6 (18... bxa4 $142 19. Bxh7+ 19... Kh8 $18) 19. axb5 cxb5 20. Ra6 g5
21. Bd2 (21. Bxa8 $142 21... Rxa8 22. Bc1 $18) 21... f5 $4 (21... Bc8 $142 22.
Ra5 22... Bb7 $18) 22. exf6 (22. Bxa8 $6 22... Rxa8 23. e4 23... Bc8 $18) 22...
Bxf6 23. Bf3 (23. Bxa8 Rxa8 24. Qg6+ 24... Bg7 $18) 23... Bg7 $6 (23... Bc8 24.
Qg6+ Qg7 25. Qxg7+ Bxg7 26. Ra5 $18 (26. Bxa8 $6 26... Bxa6 27. Bg2 27... Rd8
$18)) 24. Qe4 (24. Bxa8 $142 24... Rxa8 25. f4 $18) 24... Rad8 25. Be3 Bc8 26.
Ra5 a6 27. h4 Qe7 (27... gxh4 28. Qxh4 28... Rf6 $18) 28. hxg5 hxg5 29. Qg6 Qf6
30. Qh5 (30. Qxg5 Qb2 31. Qh4 Bc3 32. Qg4+ 32... Bg7 $18) 30... Qh6 (30... Bh6
31. Rc1 $18) 31. Qg4 (31. Qxg5 $142 31... Qxg5 32. Bxg5 $18) 31... Rf7 $4 (
31... Bf6 $18 $142) 32. Bxg5 e5 33. Bxh6 (33. Bxd8 $6 33... Bxg4 34. Bxg4 34...
Qd2 $16) 33... Bxg4 34. Bxg4 Bxh6 35. Be6 (35. Be6 Kf8 36. Bxf7 Kxf7 37. e3 $18
) (35. Rxa6 $143 35... Rg7 36. Be6+ 36... Kf8 $18) 1-0

[Event "Bad Woerishofen op"]
[Site "Bad Woerishofen"]
[Date "2001.??.??"]
[Round "9"]
[White "Teich, Udo"]
[Black "Luhn, Robert"]
[Result "1/2-1/2"]
[WhiteElo "2119"]
[BlackElo "1800"]
[Annotator "ChessOrg"]
[PlyCount "70"]
[EventDate "1998.03.05"]
[Source "ChessBase"]
[SourceDate "1998.04.29"]

1. Nf3 {D43: Damengambit (Botwinnik-Variante)} 1... d5 2. d4 Nf6 3. c4 c6 4.
Nc3 e6 5. Qb3 Nbd7 6. Bg5 Bd6 7. Rd1 {letzter Buchzug} 7... O-O (7... dxc4 8.
Qxc4 Qa5 9. Bxf6 Nxf6 10. e3 $11) 8. e4 $14 8... dxe4 9. Nxe4 Be7 10. Nc3 Qc7
11. Be2 b6 12. O-O Bb7 13. Rfe1 Rfe8 14. Bh4 Nh5 15. Bxe7 Rxe7 16. Bf1 Rae8 17.
Ne5 Nxe5 (17... Nhf6 18. Bd3 $11) 18. Rxe5 (18. dxe5 18... Rf8 $14) 18... Nf4 (
18... Nf6 19. Qc2 $11) 19. c5 (19. Ree1 19... Rd7 $14) 19... Rd8 $11 20. g3 Ng6
21. Re4 Red7 22. Be2 Ne7 23. Qa4 b5 24. Qc2 a5 (24... b4 $5 25. Nb1 25... Nf5
$15) 25. Bd3 $11 25... g6 26. Ne2 Nf5 27. a4 (27. Qc3 b4 28. Qc4 28... Ra8 $11)
27... b4 (27... Nxd4 $5 28. Rxd4 Rxd4 29. Nxd4 29... Rxd4 $17) 28. Bc4 e5 29.
Rxe5 $4 29... Qxe5 30. dxe5 Rxd1+ 31. Kg2 R8d2 (31... Bc8 32. Qe4 Nd4 33. Qh4
Nxe2 34. Bxe2 $11) 32. Qb3 (32. Qe4 $5 32... Ng7 33. Bb3 $18) 32... Kg7 (32...
Re1 33. Qf3 Rc2 34. b3 $16) 33. h3 (33. g4 $5 33... Ne7 34. Qg3 $16) 33... Rb1
$11 34. Qf3 Rbxb2 (34... Rdxb2 $143 35. e6 fxe6 36. Qf4 $16) 35. Kg1 $2 (35. e6
Bc8 36. exf7 $15) 35... Rd1+ (35... Rbc2 $5 $142 36. Bd3 36... Ra2 $17 (36...
Rxc5 37. Bxf5 gxf5 38. Qxf5 $17)) 1/2-1/2

[Event "Bad Woerishofen op"]
[Site "Bad Woerishofen"]
[Date "2001.??.??"]
[Round "2"]
[White "Theuermeister, Peter"]
[Black "Taschner, Peter"]
[Result "0-1"]
[WhiteElo "1587"]
[BlackElo "2011"]
[Annotator "ChessOrg"]
[PlyCount "140"]
[EventDate "1998.03.05"]
[Source "ChessBase"]
[SourceDate "1998.04.29"]

1. d4 {A87: Hollaendische Verteidigung (Leningrader Variante)} 1... d6 2. c4 f5
3. Nf3 Nf6 4. Nc3 g6 5. g3 Bg7 6. Bg2 O-O 7. O-O Qe8 8. Re1 Qf7 9. d5 {
letzter Buchzug} 9... Ne4 10. Ng5 Nxg5 (10... Nxc3 11. bxc3 Qf6 12. Rb1 $11)
11. Bxg5 h6 12. Bd2 g5 13. f4 Bf6 14. e3 Na6 15. Rb1 Qg7 16. a3 Bd7 17. Qc2 c5
18. Ne2 Rac8 19. Bc3 Nc7 20. Bxf6 Qxf6 21. Nc3 b6 22. Rf1 g4 23. Rfe1 b5 24. b3
b4 25. axb4 cxb4 26. Na2 a5 27. Qe2 Na6 28. Nc1 Nc5 29. Nd3 Qc3 30. Nxc5 Rxc5
31. Rec1 Qf6 32. Ra1 Ra8 33. Ra2 Kf7 34. Qd3 h5 35. Kf2 h4 36. Qd4 (36. Kg1
36... Kg7 $11) 36... hxg3+ 37. hxg3 Kg6 (37... a4 38. Kg1 $11) 38. Rh1 (38. Qd2
38... Rcc8 $14) 38... a4 $11 39. bxa4 (39. Rb1 39... Rca5 $11) 39... Qxd4 $15
40. exd4 Rxc4 41. Re2 (41. Bf1 $5 41... Rc3 42. a5 $17) 41... Rxa4 $19 42. Rxe7
Ra2+ 43. Kg1 Ra1+ 44. Bf1 Rcc1 45. Kg2 Rc2+ 46. Be2 Rxh1 (46... Raa2 $142 47.
Re1 Bb5 48. Re6+ 48... Kf7 $19) 47. Kxh1 Bc8 48. Bd3 Rc1+ (48... Rc3 49. Bb5
$19) 49. Kg2 $17 49... b3 50. Re2 Rd1 51. Bc4 Rxd4 (51... Rb1 $5 $17) 52. Bxb3
$11 52... Kf7 53. Rc2 Bd7 54. Kf2 Ke7 55. Ke3 Rb4 56. Rc3 Ba4 57. Bxa4 Rxa4 58.
Rc7+ Kf6 59. Rd7 Ra6 60. Kd4 Ra4+ 61. Kc3 Ra3+ (61... Ra6 $11) 62. Kb4 (62. Kc4
$5 $14) 62... Rxg3 $15 63. Rxd6+ Kf7 64. Rc6 (64. Rd7+ Ke8 65. Rg7 65... Rf3
$15) 64... Rd3 (64... Rf3 65. Rc7+ Kf6 66. Rc6+ Ke7 67. Kc5 Rxf4 68. Rc7+ Kd8
69. Rg7 $17) 65. Kc5 g3 66. Kd6 Rd2 (66... Rf3 67. Rc1 Rxf4 68. Ke5 $19) 67.
Rc1 Kg6 68. Kc6 (68. Ke7 Re2+ 69. Kf8 69... g2 $11) 68... Kh5 (68... g2 69. Rg1
69... Kh5 $19) 69. d6 $11 69... Kg4 70. d7 Kxf4 (70... Kxf4 71. Kc7 71... Ke3
$11) 0-1

[Event "Bad Woerishofen op"]
[Site "Bad Woerishofen"]
[Date "2001.??.??"]
[Round "4"]
[White "Theuermeister, Peter"]
[Black "Vonach, Bernd"]
[Result "1-0"]
[WhiteElo "1587"]
[BlackElo "1850"]
[Annotator "ChessOrg"]
[PlyCount "57"]
[EventDate "1998.03.05"]
[Source "ChessBase"]
[SourceDate "1998.04.29"]

1. d4 {D91: Gruenfeld-Verteidigung (5.Lg5)} 1... Nf6 2. Nf3 g6 3. c4 Bg7 4. Nc3
d5 5. Bg5 Ne4 6. Bf4 Nxc3 7. bxc3 dxc4 8. Qa4+ {letzter Buchzug} 8... Bd7 9.
Qxc4 Na6 (9... Bc6 10. Ne5 Bxe5 11. Bxe5 $11) 10. e3 c5 11. Qb3 Qa5 12. Be2 O-O
(12... cxd4 13. exd4 (13. Nxd4 $143 13... e5 $17) 13... Nc5 14. Qb4 Qxb4 15.
cxb4 $11) 13. O-O $14 13... b6 14. Rfc1 Nb8 15. Ne5 15... Qa4 $2 (15... Be6
$142 16. d5 16... Bf5 $14) 16. Bf3 $18 16... Bxe5 17. Qxa4 (17. dxe5 $6 17...
Qxb3 18. axb3 18... Bc6 $14) 17... Bxa4 18. Bxa8 (18. Bxe5 $6 18... Bc6 $11) (
18. dxe5 $6 18... Nc6 $11) 18... Bxf4 19. exf4 Bc6 (19... Rc8 20. Bb7 Rc7 21.
Bf3 $16) 20. Bxc6 Nxc6 21. dxc5 bxc5 22. Rd1 Rb8 23. Rab1 Rb6 (23... Rxb1 24.
Rxb1 Kg7 25. Rb7 $18) 24. Rxb6 axb6 25. Rb1 Nd8 (25... e6 26. Rxb6 26... Ne7
$18) 26. Rxb6 Ne6 (26... Kf8 27. a4 Ke8 28. a5 $18) 27. g3 (27. Rxe6 $142 27...
Kf8 28. a4 $18) 27... Kf8 (27... Nc7 28. a4 Nd5 29. a5 $18) 28. Rb8+ Kg7 29.
Rc8 (29. Rc8 Nf8 30. a4 $18) (29. a4 $5 29... Nc7 $18) 1-0

[Event "Bad Woerishofen op"]
[Site "Bad Woerishofen"]
[Date "2001.??.??"]
[Round "6"]
[White "Theuermeister, Peter"]
[Black "Specht, Helmut"]
[Result "1-0"]
[WhiteElo "1587"]
[BlackElo "1831"]
[Annotator "ChessOrg"]
[PlyCount "87"]
[EventDate "1998.03.05"]
[Source "ChessBase"]
[SourceDate "1998.04.29"]

1. d4 {D91: Gruenfeld-Verteidigung (5.Lg5)} 1... Nf6 2. Nf3 g6 3. c4 Bg7 4. Nc3
d5 5. Bg5 Ne4 6. Bf4 Nxc3 7. bxc3 dxc4 8. Qa4+ {letzter Buchzug} 8... c6 9.
Qxc4 O-O 10. e3 Re8 11. Be2 Nd7 12. O-O e5 13. Bg3 (13. Bxe5 $5 13... Nxe5 14.
Nxe5 Bxe5 15. dxe5 Rxe5 16. Rfd1 $11) 13... Nb6 $11 14. Qb3 Be6 15. Qc2 exd4
16. cxd4 Rc8 17. Rfd1 Qe7 18. Bh4 f6 19. Rac1 Qf7 20. Rd2 (20. e4 Bh6 21. Ra1
21... Bf4 $15) 20... Bf8 $15 21. Qb2 Bd5 22. Ne1 Bd6 23. Bg3 Bxg3 24. hxg3 Kg7
25. Bd3 f5 (25... Nc4 26. Bxc4 Bxc4 27. Nd3 $15) 26. Nf3 $11 26... Bxf3 27.
gxf3 h6 28. d5+ Kh7 29. dxc6 bxc6 30. Rdc2 Qd7 31. Be2 Re6 32. Rd1 Qe7 33. Rcd2
h5 34. Kg2 c5 35. Qb5 35... Qc7 $4 (35... Rcc6 $11 $142) 36. a4 (36. Rd7+ $5
36... Nxd7 37. Rxd7+ Re7 38. Rxc7 38... Rexc7 $18) 36... Qc6 (36... a6 37. Rd7+
$1 37... Kh6 38. Rxc7 axb5 39. Rxc8 Nxc8 40. Bxb5 $18) 37. a5 Na8 38. Rd7+ Kh6
39. Qxc6 (39. Qb2 Rf6 40. Re7 40... Rc7 $18) 39... Rexc6 40. Rxa7 Nc7 (40... c4
41. f4 Nc7 42. Bf3 $18) 41. Rd7 c4 42. Bd1 c3 43. Bc2 g5 (43... Kg5 44. Rf7
44... Kh6 $18) 44. Bxf5 (44. Bxf5 g4 45. f4 $18) 1-0

[Event "Bad Woerishofen op"]
[Site "Bad Woerishofen"]
[Date "2001.??.??"]
[Round "8"]
[White "Theuermeister, Peter"]
[Black "Hipp, Hermann"]
[Result "0-1"]
[WhiteElo "1587"]
[BlackElo "2034"]
[Annotator "ChessOrg"]
[PlyCount "94"]
[EventDate "1998.03.05"]
[Source "ChessBase"]
[SourceDate "1998.04.29"]

1. d4 {D02: Damenbauernspiele} 1... d5 2. Nf3 c5 3. Bf4 Nc6 4. e3 Nf6 5. Be2 e6
6. O-O Be7 7. dxc5 Bxc5 8. c4 O-O 9. Nc3 dxc4 10. Qxd8 {letzter Buchzug} 10...
Rxd8 11. Bg5 a6 12. Bxf6 gxf6 13. Bxc4 b5 14. Bb3 Bb7 15. Rfd1 Na5 16. Bc2 f5
17. Ne5 Bd6 18. Nd3 b4 19. Ne2 Nc4 20. Rac1 Rac8 (20... Be4 21. Bb1 Bxd3 22.
Rxd3 (22. Bxd3 $2 22... Nxb2 23. Rd2 23... Nxd3 $19) 22... Nxb2 23. Rd4 $17)
21. Bb3 Nb6 22. Rxc8 Rxc8 (22... Bxc8 $143 23. Nxb4 Bb7 24. Nd3 $16) (22...
Nxc8 $143 23. Nxb4 Kf8 24. Nd3 $16) 23. Ndf4 Bxf4 24. Nxf4 a5 25. a4 bxa3 26.
bxa3 Rc3 (26... a4 27. Ba2 Rc3 28. h3 $17) 27. Rb1 (27. Rd8+ $5 27... Kg7 28.
Rd3 $11) 27... Be4 $17 28. Ne2 Rxe3 29. fxe3 Bxb1 30. Nc3 Bd3 31. Kf2 Kg7 32.
Kf3 Kf6 33. g3 Bc4 34. Bc2 Ke5 35. Kf2 Nd5 36. Na4 h6 37. Nc5 Nb6 38. Nb7 a4
39. Nc5 Bb5 40. Nb7 Kd5 41. h4 $2 (41. Nd8 $5 $17 $142) 41... Nc4 $19 42. Bd1
Nxa3 43. Bf3+ (43. Nd8 43... Be8 $19) 43... Kc4 (43... Ke5 44. Bd1 Nb1 45. Na5
$19) 44. Nd6+ $2 (44. Bh5 Kb4 45. Nd6 Nc4 46. Nxb5 46... Kxb5 $19) 44... Kc3 (
44... Kc5 $142 45. Nb7+ 45... Kb4 $19) 45. Nxf7 $4 (45. e4 Ba6 46. exf5 $19)
45... Nc4 46. Nxh6 (46. g4 a3 47. g5 hxg5 48. hxg5 48... a2 $19) 46... a3 47.
Nxf5 (47. g4 a2 48. gxf5 48... a1=Q $19) 47... exf5 (47... exf5 48. g4 fxg4 49.
Bxg4 49... a2 $19) 0-1

[Event "Bad Woerishofen op"]
[Site "Bad Woerishofen"]
[Date "2001.??.??"]
[Round "2"]
[White "Theussl, Manfred"]
[Black "Lindenmair, Anton"]
[Result "0-1"]
[WhiteElo "1836"]
[BlackElo "2105"]
[Annotator "ChessOrg"]
[PlyCount "57"]
[EventDate "1998.03.05"]
[Source "ChessBase"]
[SourceDate "1998.04.29"]

1. e4 {C42: Russische Verteidigung (Petrow)} 1... e5 2. Nf3 Nf6 3. Nxe5 d6 4.
Nc4 Nxe4 5. d3 Nf6 6. Bg5 {letzter Buchzug} 6... Be7 7. Nc3 (7. d4 $5 $11) 7...
d5 $15 8. Ne5 d4 9. Ne2 O-O 10. c3 c5 11. c4 (11. cxd4 $5 11... cxd4 12. Qa4
$15) 11... Qc7 12. Nf3 Re8 13. Bf4 Bd6 14. Bxd6 Qxd6 15. h3 Nc6 16. Qd2 a6 17.
Kd1 b5 18. b3 Bf5 19. Nh4 (19. Ng3 19... Bg6 $15) 19... Be6 (19... Bxd3 20.
Qxd3 Ne4 21. Qf3 $17) 20. Qf4 (20. Ng3 bxc4 21. dxc4 21... Qb8 $15) 20... Qd7
21. g4 bxc4 22. bxc4 $2 (22. dxc4 $142 22... Qe7 23. Nc1 $17) 22... Nb4 $19 23.
Qd2 (23. Nc1 Qa4+ 24. Nb3 Nxa2 25. Rxa2 Qxa2 26. Nc1 Qa4+ 27. Ke1 Bxg4+ 28. Be2
Bxe2 29. f3 $19) 23... Qa4+ 24. Kc1 Qa3+ 25. Kd1 Nxd3 26. Ng3 (26. Nxd4 Ne4 27.
Bxd3 Nxd2 28. Kxd2 Bxc4 29. Bc2 cxd4 30. Rae1 Qc3+ 31. Kd1 d3 32. Bb1 Bxa2 33.
Re3 Bb3+ 34. Bc2 Bxc2+ 35. Kc1 d2#) 26... Qa4+ (26... Bxg4+ 27. Be2 Nxf2+ 28.
Ke1 Qxg3 29. Nf5 Bxf5 30. Rf1 Bxh3 31. Rb1 Bxf1 32. Rb3 $19) 27. Qc2 Nxf2+ 28.
Kd2 Qb4+ 29. Kc1 0-1